00692 2200229 4500001002100000005001700021008004100038020001800079035002400097090002300121100002000144245008700164250001100251260003100262300002600293440002800319650003700347700002400384700002000408850001300428999002100441YOGYA-0411000000106020110413074843.0 ind  a979-672-208-9 0010-041100000001060 a252.68bMar TlDEP aMARTASUJITA, E. aTuguran kAmis putihcdisusun oleh E. Martasujita, S. Atas Wahyudi, J. Kristanto S. aCet. 1 aYogyakartabKanisiusc1998 a47hlmbilus.c9x15 cm aSeri Perayaan hiturgi 2 aKhotbah (kristen) ibadah syuhudi aTa Wahyudi, S. Atas aKristanto S, J. aYOPDBPAD a1998-324 CB-D.11